Deep language model streamlining

Enregistré dans:
Détails bibliographiques
Auteur principal: Petrík, Sebastián (Auteur)
Autres auteurs: Nguyen Thu, Giang (Directeur de thèse)
Format: Manuscrit Livre
Langue:slovaque
anglais
Publié: 2025
Sujets:
Accès en ligne:http://is.stuba.sk/zp/portal_zp.pl?podrobnosti=183873
Tags: Ajouter un tag
Pas de tags, Soyez le premier à ajouter un tag!

MARC

LEADER 00000ntm a22000003a 4500
001 stuzp105795
003 SK-STU
005 20250607211631.1
007 ta
008 150427s2015----xo-----f-mn---000-0-slo-d
040 |a STU  |b slo 
041 0 |a eng 
100 1 |a Petrík, Sebastián  |u 070200  |4 aut  |U FIIT Fakulta informatiky a informačných technológií  |T FIIT Ústav informatiky, informačných systémov a softvérového inžinierstva  |X 110872  |U I200  |Y 179  |7 110872 
242 0 1 |a Zefektívnenie jazykových modelov hlbokého učenia  |y slo 
245 1 0 |a Deep language model streamlining 
260 |c 2025 
650 4 |a compression  |2 eng 
650 4 |a Slovak  |2 eng 
650 4 |a quantization  |2 eng 
650 4 |a layer pruning  |2 eng 
650 4 |a streamlining  |2 eng 
650 4 |a LLM  |2 eng 
650 4 |a language models  |2 eng 
650 4 |a SLM  |2 eng 
650 4 |a summarization  |2 eng 
650 4 |a embedding pruning  |2 eng 
650 4 |a pruning  |2 eng 
650 4 |a pruning embeddingov  |2 slo 
650 4 |a kompresia  |2 slo 
650 4 |a slovenčina  |2 slo 
650 4 |a kvantovanie  |2 slo 
650 4 |a prerezávanie  |2 slo 
650 4 |a zefektívňovanie  |2 slo 
650 4 |a SLM  |2 slo 
650 4 |a pruning vrstiev  |2 slo 
650 4 |a sumarizácia  |2 slo 
650 4 |a LLM  |2 slo 
650 4 |a jazykové modely  |2 slo 
700 1 |a Nguyen Thu, Giang  |u 070200  |k Z1  |4 ths  |U FIIT Fakulta informatiky a informačných technológií  |T FIIT Ústav informatiky, informačných systémov a softvérového inžinierstva  |X 90747  |U I200  |Y 179  |7 90747 
856 4 |u http://is.stuba.sk/zp/portal_zp.pl?podrobnosti=183873